[Event "POL-chT 1st League"]
[Site "Jastrzebia Gora"]
[Date "2015.09.08"]
[Round "4.11"]
[White "Bronowicki, Mateusz"]
[Black "Diczew, Filip"]
[Result "1-0"]
[WhiteElo "2277"]
[BlackElo "2139"]
[PlyCount "72"]
[EventDate "2015.09.05"]
[EventType "team-tourn"]
[EventRounds "9"]
[EventCountry "POL"]
[SourceTitle "EXT 2016"]
[Source "ChessBase"]
[SourceDate "2015.10.08"]
[SourceVersion "1"]
[SourceVersionDate "2015.10.08"]
[SourceQuality "1"]
[WhiteTeam "Wisznia Mala"]
[BlackTeam "Gliwice Akademia Szachowa"]
[WhiteTeamCountry "POL"]
[BlackTeamCountry "POL"]

1. c4 e5 2. g3 Nc6 3. Bg2 g6 4. Nc3 Bg7 5. e4 d6 6. Nge2 Be6 7. d3 Qd7 8. h3 h5 9. Bg5 f6 10. Be3 Nge7 11. h4 Nd8 12. Qd2 c6 13. b3 d5 14. cxd5 cxd5 15. d4 f5 16. exf5 Nxf5 17. dxe5 Nc6 18. Rd1 Nxe5 19. Nxd5 Nxe3 20. Qxe3 Qf7 21. Ndf4 Bg4 22. 0-0 g5 23. hxg5 h4 24. g6 Qe7 25. Nd5 Qd6 26. f4 Bxe2 27. Qxe2 Qc5+ 28. Qe3 Qxe3+ 29. Nxe3 Nxg6 30. Be4 Ne7 31. g4 h3 32. Kh2 Rd8 33. Rxd8+ Kxd8 34. Rf3 Bd4 35. Nc4 Nc6 36. Rd3 Nb8 1-0

[Event "POL-chT2"]
[Site "Poronin"]
[Date "2013.09.12"]
[Round "6.5"]
[White "Perdek, Miroslaw"]
[Black "Diczew, Filip"]
[Result "1/2-1/2"]
[WhiteElo "2245"]
[BlackElo "2121"]
[PlyCount "81"]
[EventDate "2013.09.06"]
[EventType "team-swiss"]
[EventRounds "9"]
[EventCountry "POL"]
[SourceTitle "EXT 2015"]
[Source "ChessBase"]
[SourceDate "2014.11.20"]
[SourceVersion "1"]
[SourceVersionDate "2014.11.20"]
[SourceQuality "1"]
[WhiteTeam "Wroclaw KS Polonia Votum II"]
[BlackTeam "Gliwice Akademia Szachowa"]
[WhiteTeamCountry "POL"]
[BlackTeamCountry "POL"]

1. Nf3 Nf6 2. c4 e6 3. d4 Bb4+ 4. Nbd2 b6 5. a3 Bxd2+ 6. Bxd2 Bb7 7. Bg5 d6 8. e3 Nbd7 9. Be2 Qe7 10. Qc2 c5 11. 0-0 0-0 12. Rfd1 Rac8 13. Rac1 Rfd8 14. Qa4 a6 15. b4 h6 16. Bxf6 Nxf6 17. bxc5 bxc5 18. Rb1 Ne4 19. Qc2 Nf6 20. Qa4 Qc7 21. Nd2 Ra8 22. Qb3 Rab8 23. Qb6 Qc6 24. f3 Nd7 25. Qxc6 Bxc6 26. Kf2 Kf8 27. h4 Ke7 28. g3 Rxb1 29. Rxb1 Rb8 30. Rxb8 Nxb8 31. Bd3 Nd7 32. Bc2 Nb6 33. Ke2 Kd7 34. Kd3 Ba4 35. dxc5 Bxc2+ 36. Kxc2 dxc5 37. Kc3 Kc6 38. h5 Nd7 39. Kd3 Ne5+ 40. Ke4 Kd6 41. g4 1/2-1/2

[Event "POL-UKR U26"]
[Site "Lublin"]
[Date "2012.11.21"]
[Round "1.3"]
[White "Rytenko, Vsevolod"]
[Black "Diczew, Filip"]
[Result "1-0"]
[WhiteElo "2166"]
[BlackElo "2124"]
[PlyCount "67"]
[EventDate "2012.11.21"]
[EventType "team-tourn"]
[EventRounds "5"]
[EventCountry "POL"]
[SourceTitle "CBM 151 Extra"]
[Source "ChessBase"]
[SourceDate "2012.12.18"]
[SourceVersion "1"]
[SourceVersionDate "2012.12.18"]
[SourceQuality "1"]
[WhiteTeam "Ivano Frankovsk Technical Univ"]
[BlackTeam "Gliwice Politechnika Slaska"]
[WhiteTeamCountry "UKR"]
[BlackTeamCountry "POL"]

1. e4 c5 2. Nf3 e6 3. d4 cxd4 4. Nxd4 a6 5. Bd3 Nf6 6. 0-0 Qc7 7. c4 Nc6 8. Nxc6 dxc6 9. Be3 c5 10. Nc3 Bd7 11. f4 h5 12. h3 0-0-0 13. a3 Bc6 14. Qe2 h4 15. Rfd1 Nh5 16. Qg4 Nf6 17. Qe2 Nh5 18. Qf2 Be7 19. Rab1 g5 20. fxg5 Qe5 21. Ne2 Bxg5 22. Bxc5 Ng3 23. Bd4 Nxe2+ 24. Bxe2 Rxd4 25. Rxd4 Bxe4 26. Bd3 Bc6 27. Re1 Qg7 28. Be4 Bxe4 29. Rexe4 Rg8 30. Rd3 Qg6 31. Red4 Be7 32. b4 f5 33. Rd7 Qg7 34. Qf3 1-0

[Event "Kolobrzeg op"]
[Site "Kolobrzeg"]
[Date "2008.08.19"]
[Round "2"]
[White "Wojciechowski, Piotr"]
[Black "Diczew, Filip"]
[Result "0-1"]
[WhiteElo "2247"]
[BlackElo "2124"]
[PlyCount "110"]
[EventDate "2008.08.18"]
[EventType "swiss"]
[EventRounds "9"]
[EventCountry "POL"]
[SourceTitle "CBM 126 Extra"]
[Source "ChessBase"]
[SourceDate "2008.11.05"]
[SourceVersion "1"]
[SourceVersionDate "2008.11.05"]
[SourceQuality "1"]

1. e4 c5 2. Nf3 e6 3. d4 cxd4 4. Nxd4 a6 5. Nc3 Qc7 6. Bd3 Nc6 7. Be3 Nf6 8. 0-0 Nxd4 9. Bxd4 Bd6 10. h3 h5 11. Qd2 Bh2+ 12. Kh1 Bf4 13. Qe1 Ng4 14. g3 Be5 15. Bxe5 Nxe5 16. f4 Nc4 17. b3 Nb6 18. e5 d5 19. a4 Bd7 20. a5 Nc8 21. Na4 Bc6 22. Qb4 Ne7 23. Nb6 Rd8 24. Qd4 g6 25. Kg2 Bb5 26. Bxb5+ axb5 27. Rf2 Nf5 28. Qb4 Qc6 29. Kh2 Ne3 30. Qd2 d4 31. Kg1 Nf5 32. Qd3 0-0 33. Qf3 Qc3 34. Qxc3 dxc3 35. Rf3 Nd4 36. Rf2 f6 37. Re1 fxe5 38. Rxe5 Rf5 39. Re3 Rc5 40. b4 Rc6 41. Rd3 Ne2+ 42. Rxe2 Rxd3 43. cxd3 c2 44. Re1 c1Q 45. Rxc1 Rxc1+ 46. Kf2 Rb1 47. Nd7 Rxb4 48. Nc5 Rb2+ 49. Ke3 Ra2 50. Nxb7 b4 51. Kd4 b3 52. Kc3 b2 53. Kc2 Ra4 54. Nd6 Rxa5 55. Kxb2 Rd5 0-1

[Event "Rewal op-A 12th"]
[Site "Rewal"]
[Date "2007.08.22"]
[Round "2"]
[White "Musialkiewicz, Jan"]
[Black "Diczew, Filip"]
[Result "1/2-1/2"]
[WhiteElo "1926"]
[BlackElo "2112"]
[PlyCount "115"]
[EventDate "2007.08.20"]
[EventType "swiss"]
[EventRounds "9"]
[EventCountry "POL"]
[SourceTitle "CBM 120 Extra"]
[Source "ChessBase"]
[SourceDate "2007.11.01"]
[SourceVersion "1"]
[SourceVersionDate "2007.11.01"]
[SourceQuality "1"]

1. e4 c5 2. Nc3 e6 3. g3 Nc6 4. Bg2 d6 5. d3 Be7 6. Nge2 e5 7. 0-0 Nf6 8. f4 h5 9. h3 Bd7 10. Be3 Nd4 11. Nd5 Nxd5 12. exd5 Nf5 13. Qd2 Bf6 14. c3 Qc8 15. Bf2 Nh6 16. Kh2 0-0 17. fxe5 dxe5 18. Be3 Nf5 19. Bg5 Bd8 20. Bxd8 Qxd8 21. Be4 Qc8 22. Qg5 g6 23. d4 exd4 24. cxd4 Qe8 25. Bf3 f6 26. Qd2 c4 27. Nf4 Nd6 28. Rae1 Qf7 29. Ne6 Rfe8 30. Qf4 Nf5 31. Bxh5 Ng7 32. Bd1 Nxe6 33. dxe6 Rxe6 34. Bf3 Rxe1 35. Rxe1 g5 36. Qd6 Bc6 37. Re7 Bxf3 38. Rxf7 Kxf7 39. d5 Re8 40. Qc7+ Kg6 41. Qxc4 Re2+ 42. Kg1 Rg2+ 43. Kf1 Rd2 44. Ke1 Rxd5 45. Kf2 Rf5 46. Qg8+ Kh6 47. Ke3 Bc6 48. Qh8+ Kg6 49. h4 gxh4 50. Qxh4 Re5+ 51. Kd2 Rd5+ 52. Ke2 Re5+ 53. Kd2 Rd5+ 54. Ke2 Rg5 55. Qf4 Re5+ 56. Kd2 Rb5 57. b3 Rd5+ 58. Ke2 1/2-1/2

[Event "POL-chT U19 2nd League"]
[Site "Lublin"]
[Date "2007.07.15"]
[Round "11"]
[White "Walentukiewicz, Michal"]
[Black "Diczew, Filip"]
[Result "1/2-1/2"]
[WhiteElo "2201"]
[BlackElo "2112"]
[PlyCount "35"]
[EventDate "2007.07.07"]
[EventType "team-swiss"]
[EventRounds "11"]
[EventCountry "POL"]
[SourceTitle "EXT 2010"]
[Source "ChessBase"]
[SourceDate "2010.11.25"]
[SourceVersion "1"]
[SourceVersionDate "2010.11.25"]
[SourceQuality "1"]
[WhiteTeam "Szopienice HetMaN U19"]
[BlackTeam "Piekary Slaskie U19"]
[WhiteTeamCountry "POL"]
[BlackTeamCountry "POL"]

1. c4 Nc6 2. g3 e5 3. Bg2 g6 4. Nc3 Bg7 5. d3 d6 6. Nd5 h6 7. Rb1 Nf6 8. b4 Nxd5 9. cxd5 Ne7 10. e3 0-0 11. Ne2 Bg4 12. Bb2 c6 13. dxc6 bxc6 14. 0-0 d5 15. h3 Be6 16. Qd2 a5 17. a3 axb4 18. axb4 1/2-1/2

[Event "POL-chT U19 2nd League"]
[Site "Lublin"]
[Date "2007.07.11"]
[Round "6"]
[White "Diczew, Filip"]
[Black "Olchowko, Blazej"]
[Result "1-0"]
[WhiteElo "2112"]
[BlackElo "1673"]
[PlyCount "31"]
[EventDate "2007.07.07"]
[EventType "team-swiss"]
[EventRounds "11"]
[EventCountry "POL"]
[SourceTitle "EXT 2010"]
[Source "ChessBase"]
[SourceDate "2010.11.25"]
[SourceVersion "1"]
[SourceVersionDate "2010.11.25"]
[SourceQuality "1"]
[WhiteTeam "Piekary Slaskie U19"]
[BlackTeam "Gliwice Carbo U19"]
[WhiteTeamCountry "POL"]
[BlackTeamCountry "POL"]

1. b4 e6 2. Bb2 d5 3. e3 Nf6 4. a3 c5 5. bxc5 Bxc5 6. Nf3 Nc6 7. d4 Be7 8. c4 0-0 9. Nbd2 Re8 10. Bd3 dxc4 11. Nxc4 a6 12. 0-0 b5 13. Nce5 Bb7 14. Ng5 Rf8 15. Qc2 Qe8 16. Nxh7 1-0

[Event "POL-chT U19 2nd League"]
[Site "Lublin"]
[Date "2007.07.08"]
[Round "2"]
[White "Diczew, Filip"]
[Black "Czyz, Pawel"]
[Result "1-0"]
[WhiteElo "2112"]
[BlackElo "2029"]
[PlyCount "109"]
[EventDate "2007.07.07"]
[EventType "team-swiss"]
[EventRounds "11"]
[EventCountry "POL"]
[SourceTitle "EXT 2010"]
[Source "ChessBase"]
[SourceDate "2010.11.25"]
[SourceVersion "1"]
[SourceVersionDate "2010.11.25"]
[SourceQuality "1"]
[WhiteTeam "Piekary Slaskie U19"]
[BlackTeam "Radom UKS MDK U19"]
[WhiteTeamCountry "POL"]
[BlackTeamCountry "POL"]

1. Nf3 d5 2. g3 c5 3. Bg2 Nc6 4. d3 Nf6 5. 0-0 e5 6. c3 Be7 7. Nbd2 Be6 8. e4 dxe4 9. dxe4 0-0 10. Qe2 Qc7 11. h3 Nd7 12. Nc4 Rae8 13. Ne3 Nb6 14. Nd2 Bd6 15. Nf5 Ne7 16. Ne3 Qc8 17. Kh2 f5 18. exf5 Nxf5 19. Ne4 Bb8 20. b3 Nd7 21. Ng5 Nxe3 22. Bxe3 Nf6 23. Nxe6 Qxe6 24. Bxc5 Rf7 25. c4 b6 26. Ba3 e4 27. Rae1 Bd6 28. Bxd6 Qxd6 29. Qc2 Rfe7 30. Re3 Qc5 31. Rd1 h6 32. Qe2 Kf8 33. Qe1 Qh5 34. Kg1 Kf7 35. Rd4 Qc5 36. Qd2 Kf8 37. Bf1 Kf7 38. b4 Qf5 39. a4 Kg8 40. Qa2 Kh8 41. a5 bxa5 42. Qxa5 Qxa5 43. bxa5 Re5 44. Ra3 Rc5 45. Rd1 Kg8 46. Rb1 Ree5 47. Rb5 a6 48. Rb6 Rxa5 49. Rxa6 Rxa6 50. Rxa6 e3 51. fxe3 Rxe3 52. Kf2 Rc3 53. Re6 Kf7 54. Re3 Rc2+ 55. Be2 1-0

[Event "POL-ch U18"]
[Site "Leba"]
[Date "2007.04.01"]
[Round "11"]
[White "Dobrowolski, Marcin"]
[Black "Diczew, Filip"]
[Result "1/2-1/2"]
[WhiteElo "1941"]
[BlackElo "2137"]
[PlyCount "94"]
[EventDate "2007.03.24"]
[EventType "swiss"]
[EventRounds "11"]
[EventCountry "POL"]
[SourceTitle "EXT 2011"]
[Source "ChessBase"]
[SourceDate "2010.11.26"]
[SourceVersion "1"]
[SourceVersionDate "2010.11.26"]
[SourceQuality "1"]

1. d4 Nc6 2. d5 Ne5 3. Nf3 Ng6 4. e4 e5 5. dxe6 fxe6 6. e5 Bc5 7. Bd3 d6 8. Bxg6+ hxg6 9. Qd3 Ne7 10. Bg5 Qd7 11. Bxe7 Qxe7 12. Qxg6+ Qf7 13. Qxf7+ Kxf7 14. Nc3 d5 15. Ne2 Bd7 16. Nf4 Be7 17. 0-0-0 g5 18. Ne2 c5 19. c4 d4 20. Nd2 b5 21. h3 Bc6 22. Rhg1 a5 23. f4 d3 24. Nc3 bxc4 25. Nxc4 Rhd8 26. Nd2 gxf4 27. Rdf1 Bg5 28. Nce4 Bh6 29. g4 Ke7 30. g5 Bg7 31. Nf6 Rd4 32. Rg4 a4 33. Rfxf4 Rxf4 34. Rxf4 Bd5 35. Nc4 Rb8 36. Kd2 Bxc4 37. Rxc4 Rxb2+ 38. Kxd3 Rxa2 39. Rxc5 Ra3+ 40. Kc4 Rxh3 41. Rc7+ Kf8 42. Rc8+ Kf7 43. Rc7+ Kg6 44. Re7 a3 45. Rxe6 Kxg5 46. Ra6 Kf5 47. Nd7 Bxe5 1/2-1/2

[Event "Rewal op 11th"]
[Site "Rewal"]
[Date "2006.08.26"]
[Round "7"]
[White "Eljanov, Vladimir"]
[Black "Diczew, Filip"]
[Result "0-1"]
[WhiteElo "2357"]
[BlackElo "2137"]
[PlyCount "108"]
[EventDate "2006.08.21"]
[EventType "swiss"]
[EventRounds "11"]
[EventCountry "POL"]
[SourceTitle "EXT 2010"]
[Source "ChessBase"]
[SourceDate "2010.11.25"]
[SourceVersion "1"]
[SourceVersionDate "2010.11.25"]
[SourceQuality "1"]

1. c4 Nc6 2. g3 e5 3. Bg2 g6 4. Nc3 Bg7 5. e3 d6 6. Nge2 Nf6 7. d3 0-0 8. 0-0 Be6 9. Nd5 Qd7 10. Re1 Nd8 11. d4 Nxd5 12. cxd5 Bh3 13. e4 Bxg2 14. Kxg2 f5 15. dxe5 dxe5 16. exf5 Qxf5 17. Be3 Nf7 18. Nc3 Rad8 19. Qb1 Qh5 20. Qd1 Qf5 21. Qb1 Qh5 22. Qc2 Nd6 23. Bc5 Rf7 24. Bxd6 Rxd6 25. Rad1 g5 26. Qe2 g4 27. Ne4 Qh3+ 28. Kg1 Rh6 29. f3 gxf3 30. Qf2 Qg4 31. Kh1 Bf8 32. a3 a5 33. Rd2 b6 34. Qe3 Rg6 35. Nf2 Qg5 36. Qxg5 Rxg5 37. Ne4 Rg4 38. Kg1 Rff4 39. Nf2 Bc5 40. Rxe5 Rd4 41. Rxd4 Rxd4 42. Rg5+ Kh8 43. h4 Rd1+ 44. Kh2 Bxf2 45. Rf5 Bg1+ 46. Kh3 f2 47. Kg2 f1Q+ 48. Rxf1 Rxf1 49. Kxf1 Bc5 50. a4 Kg7 51. Ke2 Kf6 52. Kf3 Ke5 53. g4 h6 54. h5 Be7 0-1

[Event "Rewal op 11th"]
[Site "Rewal"]
[Date "2006.08.23"]
[Round "3"]
[White "Baumann, Dariusz"]
[Black "Diczew, Filip"]
[Result "1-0"]
[WhiteElo "2051"]
[BlackElo "2137"]
[PlyCount "77"]
[EventDate "2006.08.21"]
[EventType "swiss"]
[EventRounds "11"]
[EventCountry "POL"]
[SourceTitle "EXT 2010"]
[Source "ChessBase"]
[SourceDate "2010.11.25"]
[SourceVersion "1"]
[SourceVersionDate "2010.11.25"]
[SourceQuality "1"]

1. d4 Nc6 2. Nf3 d5 3. Bf4 Bg4 4. Nbd2 e6 5. e3 Bd6 6. Bxd6 cxd6 7. c4 dxc4 8. Bxc4 d5 9. Be2 Nge7 10. 0-0 0-0 11. Rc1 h6 12. h3 Bf5 13. a3 a6 14. b4 Qd6 15. Nb3 b6 16. Bd3 g5 17. Ne1 Kg7 18. f4 f6 19. Qe2 Bxd3 20. Nxd3 Nf5 21. Qf2 e5 22. dxe5 fxe5 23. fxe5 Nxe5 24. Qb2 Rae8 25. Nd4 Nxe3 26. Rxf8 Kxf8 27. Qf2+ Nf7 28. Rc6 Qe7 29. Rxh6 Qe4 30. Rf6 Re7 31. Nc6 Qxd3 32. Nxe7 Qb1+ 33. Kh2 Ng4+ 34. hxg4 Qh7+ 35. Kg1 Qb1+ 36. Qf1 Qxf1+ 37. Kxf1 Kxe7 38. Rxb6 Ne5 39. Rxa6 1-0

[Event "POL-ch U18"]
[Site "Leba"]
[Date "2006.04.01"]
[Round "10"]
[White "Diczew, Filip"]
[Black "Gajdzica, Maciej"]
[Result "1-0"]
[WhiteElo "2154"]
[BlackElo "2038"]
[PlyCount "59"]
[EventDate "2006.03.25"]
[EventType "swiss"]
[EventRounds "11"]
[EventCountry "POL"]
[SourceTitle "CBM 111 Extra"]
[Source "ChessBase"]
[SourceDate "2006.05.09"]
[SourceVersion "1"]
[SourceVersionDate "2006.05.09"]
[SourceQuality "1"]

1. e4 c5 2. Nc3 Nc6 3. g3 g6 4. Bg2 Bg7 5. d3 d6 6. f4 e6 7. Nf3 Nge7 8. 0-0 0-0 9. Be3 Nd4 10. e5 Nec6 11. exd6 f5 12. Na4 Qxd6 13. c3 b5 14. Nxc5 Qxc5 15. Nxd4 Bb7 16. b4 Qd6 17. Nxc6 Bxc6 18. Bc5 Qd7 19. Bxf8 Rxf8 20. d4 Rc8 21. Qd2 Bd5 22. Bxd5 Qxd5 23. Rfd1 Rc4 24. a4 a5 25. Qg2 axb4 26. Qxd5 exd5 27. cxb4 Rxb4 28. a5 Rxd4 29. a6 Rc4 30. a7 1-0

[Event "POL-ch U18"]
[Site "Leba"]
[Date "2006.03.28"]
[Round "6"]
[White "Pazdziora, Michal"]
[Black "Diczew, Filip"]
[Result "1-0"]
[WhiteElo "2078"]
[BlackElo "2154"]
[PlyCount "73"]
[EventDate "2006.03.25"]
[EventType "swiss"]
[EventRounds "11"]
[EventCountry "POL"]
[SourceTitle "CBM 111 Extra"]
[Source "ChessBase"]
[SourceDate "2006.05.09"]
[SourceVersion "1"]
[SourceVersionDate "2006.05.09"]
[SourceQuality "1"]

1. d4 Nf6 2. Nf3 c5 3. d5 b5 4. Bg5 Ne4 5. Bh4 Qa5+ 6. c3 b4 7. Qc2 bxc3 8. bxc3 Nf6 9. e4 d6 10. Nbd2 Nbd7 11. Rb1 Qc7 12. Bb5 Rb8 13. 0-0 Rxb5 14. Rxb5 Ba6 15. Qa4 Bxb5 16. Qxb5 Kd8 17. Rb1 h6 18. Bxf6 gxf6 19. Nc4 f5 20. Na5 fxe4 21. Nc6+ Ke8 22. Nd2 f5 23. Qa6 Kf7 24. Rb7 Qc8 25. Qxa7 Ne5 26. Nxe5+ dxe5 27. Rb8 Bg7 28. Rxc8 Rxc8 29. d6 Bf6 30. d7 Rd8 31. Qc7 e6 32. Nc4 Ke7 33. Qd6+ Kf7 34. Na5 Be7 35. Qc7 Ra8 36. Nc6 Rxa2 37. h3 1-0

[Event "POL-ch U18"]
[Site "Leba"]
[Date "2006.03.26"]
[Round "2"]
[White "Grochowski, Krzysztof"]
[Black "Diczew, Filip"]
[Result "0-1"]
[WhiteElo "1955"]
[BlackElo "2154"]
[PlyCount "126"]
[EventDate "2006.03.25"]
[EventType "swiss"]
[EventRounds "11"]
[EventCountry "POL"]
[SourceTitle "CBM 111 Extra"]
[Source "ChessBase"]
[SourceDate "2006.05.09"]
[SourceVersion "1"]
[SourceVersionDate "2006.05.09"]
[SourceQuality "1"]

1. e4 c5 2. c3 Nf6 3. e5 Nd5 4. d4 cxd4 5. cxd4 e6 6. Nc3 d6 7. Nxd5 exd5 8. Nf3 Nc6 9. exd6 Bxd6 10. Be2 Bf5 11. 0-0 0-0 12. Be3 Nb4 13. Qd2 Rc8 14. a3 Nc2 15. Rac1 Qb6 16. Bd3 Bxd3 17. Qxd3 Qxb2 18. Rb1 Qxa3 19. Rb3 Qa6 20. Qxa6 bxa6 21. Rb7 a5 22. Rxa7 Ra8 23. Rxa8 Rxa8 24. Bd2 a4 25. Rc1 a3 26. Rxc2 a2 27. Rxa2 Rxa2 28. g3 f6 29. h4 Kf7 30. Kg2 Ke6 31. g4 Bc7 32. Be3 Ba5 33. Kg3 Ra1 34. h5 Rd1 35. Nh4 Rg1+ 36. Kf3 Rh1 37. Nf5 g6 38. hxg6 hxg6 39. Ng3 Re1 40. Ne2 Bc7 41. Nc3 Ba5 42. Ne2 Bc7 43. Nc3 Ra1 44. Ne2 Ra3 45. Kg2 Kd7 46. Bc1 Ra2 47. Kf3 Kc6 48. Bf4 Rxe2 49. Bxc7 Re8 50. Bf4 Kb5 51. g5 f5 52. Be5 Kc4 53. Kf4 Kd3 54. f3 Ke2 55. Bg7 Re3 56. Bf6 Rxf3+ 57. Ke5 Rd3 58. Kxd5 f4 59. Be5 f3 60. Bg3 Ke3 61. Ke5 Rxd4 62. Kf6 Rg4 63. Bd6 Rc4 0-1